000 00382nam a22001697a 4500
005 20160616121528.0
008 160616b xxu||||| |||| 00| 0 eng d
020 _a978-0-07-451770-3
041 _aeng
082 _b7967
100 _aMonappa, Arun
_92096
245 _aIndustrial Relations
260 _bTMH
_c2008
300 _a362
650 _aManagement
_9241
942 _cBK
999 _c2936
_d2935